000 02155nam a2200421 i 4500
003 KOSZ 005
005 20200616113402.0
008 140303s2005 pl a f m |000 0 pol d
035 _a2452
040 _cKOSZ 005
_aKOSZ 005
_dKOSZ 005/EG
041 _apol
046 _a2005
080 _a621.5
084 _a370000
100 1 _aBaran, Marcin.
_eAutor
245 1 0 _aBadanie wrzenia pęcherzykowego czynnika chłodniczego w szczelinie pierścieniowej :
_brozprawa doktorska /
_cMarcin Baran ; Politechnika Koszalińska. Wydział Mechaniczny. Katedra Techniki Cieplnej i Chłodnictwa.
260 _aKoszalin :
_b[s.n.],
_c2005.
300 _a112 stron :
_bilustracje ;
_c30 cm +
_e2 recenzje.
336 _2rdacontent
_aTekst
_btxt
337 _2rdamedia
_aBez urządzenia pośredniczącego
_bn
338 _2rdacarrier
_aWolumin
_bnc
500 _aDruk jednostronny.
502 _aRozprawa doktorska. Politechnika Koszalińska. 2005.
504 _aBibliografia na stronach 102-106.
520 _aCelem pracy jest analiza eksperymentalna i teoretyczna procesu wrzenia pęcherzykowego w pionowym kanale o kształcie szczeliny pierścieniowej z zastosowaniem proekologicznego czynnika chłodniczego. W tezie pracy założono, że w mechanizmie przekazywania energii w procesie wrzenia pęcherzykowego w przepływie największą rolę odgrywają trzy sposoby: przewodzenie ciepła od ścianki kanału do rdzenia turbulentnego, efektywność oddziaływania upustów ciepła oraz turbulizacja cieczy przez powstające na ściance i odrywające się od ścianki pęcherzyki parowe.
653 _aWymiana ciepła
653 _aWrzenie pęcherzykowe
653 _aWymienniki ciepła
653 _aCzynnik chłodniczy
658 _aInżynieria i technika
655 4 _aRozprawa doktorska
700 1 _aBohdal, Tadeusz.
_ePromotor
700 1 _aCzapp, Marian.
_eRecenzja
700 1 _aPoniewski, Mieczysław E.
_eRecenzja
710 2 _aWydział Mechaniczny (Politechnika Koszalińska)
942 _cDOK
_2UKD
999 _c2452
_d2452